Pamiatková obnova a dostavba kaštieľa v Lúčnici nad Žitavou
Salvato in:
| Autore principale: | |
|---|---|
| Altri autori: | |
| Natura: | Manoscritto Libro |
| Lingua: | slovacco |
| Pubblicazione: |
Bratislava
2021
|
| Soggetti: | |
| Accesso online: | https://opac.crzp.sk/?fn=detailBiblioForm&sid=0C216CD716E18223022F0DAAC853 |
| Tags: |
Nessun Tag, puoi essere il primo ad aggiungerne!!
|
MARC
| LEADER | 00000ntm a22000003a 4500 | ||
|---|---|---|---|
| 001 | stuzp83918 | ||
| 003 | SK-STU | ||
| 005 | 20220217125507.1 | ||
| 007 | ta | ||
| 008 | 150427s2015----xo-----f-mn---000-0-slo-d | ||
| 040 | |a STU |b slo | ||
| 041 | 0 | |a slo | |
| 100 | 1 | |a Jobus, Ondrej |u 053130 |4 aut |U FAD Fakulta architektúry a dizajnu |T FAD Ústav dejín a teórie architektúry a obnovy pamiatok |X 82884 |U A3130 |Y 394 |7 82884 | |
| 242 | 0 | 1 | |a Monument restoration and extension of manor house in Lúčnica nad Žitavou |y eng |
| 245 | 1 | 0 | |a Pamiatková obnova a dostavba kaštieľa v Lúčnici nad Žitavou |
| 260 | |c 2021 |a Bratislava | ||
| 650 | 4 | |a rekreácia |2 slo | |
| 650 | 4 | |a genius locci |2 slo | |
| 650 | 4 | |a historické územie |2 slo | |
| 650 | 4 | |a ubytovanie |2 slo | |
| 650 | 4 | |a wellness |2 slo | |
| 650 | 4 | |a stravovanie |2 slo | |
| 650 | 4 | |a catering |2 eng | |
| 650 | 4 | |a recreation |2 eng | |
| 650 | 4 | |a genius locci |2 eng | |
| 650 | 4 | |a historic area |2 eng | |
| 650 | 4 | |a accomodation |2 eng | |
| 650 | 4 | |a wellness |2 eng | |
| 700 | 1 | |a Pauliny, Pavol |u 053130 |k Z1 |4 ths |U FAD Fakulta architektúry a dizajnu |T FAD Ústav dejín a teórie architektúry a obnovy pamiatok |X 474 |U A3130 |Y 394 |7 474 | |
| 856 | 4 | |u http://is.stuba.sk/zp/portal_zp.pl?podrobnosti=160012 |z https://opac.crzp.sk/?fn=detailBiblioForm&sid=0C216CD716E18223022F0DAAC853 | |